Greek Mythology Primer - Statistics

General Stats
  • This quiz has been taken 83 times
  • The average score is 20 of 36
Answer Stats
Hint Answer % Correct
3-headed dog you had to get past Cerberus
98%
Wife of Zeus Hera
98%
Dwelling place of the Gods Mount Olympus
98%
Name of Cronos' son who overthrew him Zeus
97%
River you had to cross the get their Styx
95%
Collective name for the 12 sons of Gaia and Uranus Titans
94%
State of nothingness in the beginning from which Gaia was born Chaos
90%
Son of Gaia who was the personification of the sky and heavens Uranus
89%
Name of the Titan son who overthrew Uranus Cronos
87%
Goddess of the Hearth whose Roman counterpart Vesta inspired the Vestal Virgins Hestia
84%
The animal symbol of wisdom goddess Athena Owl
83%
Boatman who rowed you across the above river Charon
81%
Perseus killed this infamous Gorgon Medusa
79%
Musician who tried to bribe Pluto with lyre music Orpheus
79%
Oracle on this island was sacred to Apollo Delphi
76%
God of fire, and blacksmith and armourer to the Gods Hephaestus
75%
Name for Hell in the Underworld Tartarus
73%
The above was pregnant by Poseidon and this winged horse sprang from their blood Pegasus
67%
Name for Heaven in the Underworld Elysian Fields / Elysium
63%
Name of legendary and last King of Troy Priam
59%
Hypnotic, wailing, creatures dangerous to sea-farers Sirens
59%
God of the Underworld / Hades Pluto
56%
Drinking from this river let you have your memory wiped and assume a new life Lethe
46%
Author of Theogony, so-called 'bible' on the subject Hesiod
30%
Scary sea monsters who lived in the Strait of Messina Scylla and Charybdis
25%
Name of Hermes rod Caduceus
19%
Name of the burning river in Hell Phlegethon
19%
Greek Island and birthplace of the twins Apollo and Artemis Delos
16%
His lyre later became this constellation Lyra
13%
His forge was located under this Mount Etna
11%
Entrance to the Underworld is near this Mount Vesuvius
8%
This Mount was home to the Nine Muses, daughters of Zeus Parnassus
3%
A collective of winged gods associated with love and sexual intercourse Erotes
2%
King who imposed the labours on Hercules Eurystheus
2%
The collective name for the Three Fates who controlled lifespan Moirae
2%
Brother of Eros who represents requited and rational love Anteros
0%
No matching quizzes found
Score Distribution
Percent of People with Each Score
Percentile by Number Answered
Your Score History
You have not taken this quiz